header

Extending social security to all (Record no. 223019)

MARC details
000 -LEADER
fixed length control field 01690nam a2200301 a 4500
245 10 - TITLE STATEMENT
Title Extending social security to all
260 ## - PUBLICATION, DISTRIBUTION, ETC. (IMPRINT)
Place of publication Geneva :
Name of publisher International Labour Organization,
Year of publication 2010.
300 ## - PHYSICAL DESCRIPTION
Number of Pages xiii, 140 p. :
Other physical details ill., map.
505 0# - FORMATTED CONTENTS NOTE
Formatted contents note Part I. The policy framework -- 1. Needs, rights and a promise unfulfilled -- 2. An emerging policy framework for adequate social security for all -- 3. Practical policy options and policy design issues -- 4. Summary and conclusions -- Part II. Facts and evidence -- 1. A statistical analysis of the coverage gap -- 2. Country experiences -- 3. Compendium of the effects of non-contributory social transfers programmes -- Terminology -- Bibliography.
650 #0 - SUBJECT ADDED ENTRY--TOPICAL TERM
Topical Term Social security.
856 40 - ELECTRONIC LOCATION AND ACCESS
Uniform Resource Identifier http://site.ebrary.com/lib/rucke/Doc?id=10512083

No items available.

© 2026 Rongo University
Contact us: librarian | system librarian | Rongo university